000 00905nam0a22002651 4500
001 rc\1062272
005 20250622095110.0
035 _a(NLR Aleph) 006222875
090 _a6488985
_c6488985
100 _a20041129d1980 |||y0rusy50 ca
101 0 _arus
102 _aRU
105 _aa |||||||||
200 1 _aФранцузский язык
_eДля VII кл. школ с преподаванием ряда предметов на фр. яз.
210 _aМ.
_cПросвещение
_d1980
215 _a240 с.
_cил.
_d22
300 _aПер. фр.: Manuel de francais / N. Eloukhina, S. Kalinina
517 0 _aManuel de francais
700 1 _aЕлухина
_bН.В.
_gНина Владимировна
701 1 _aКалинина
_bС.В.
_gСофья Викторовна
801 0 _aRU
_bNLR
_gpsbo
801 1 _aRU
_bELAR
_2rusmarc
852 _aNLR
_j81-5/3407
942 _cBOOK
980 _aNB